000 01519nam0a2200385 4500
001 RU\NLR\bibl\1145370
005 20260405100824.0
010 _a5-05-005557-1
021 _aRU
_b2007-64500
_93442
035 _a(NLR Aleph) 001132198
090 _a1365022
_c1365022
100 _a20071024d2008 |||y0rusy50 ca
101 0 _arus
_afre
102 _aRU
_aTH
105 _aac |||||||||
200 1 _aЗарисовки
_dLes esquisses
_fИгорь Кузнецов
_g[рис. Лидии Коган]
_zfre
210 _aБангкок
_aМосква
_c[б.и.]
_d2008 [т.е. 2007]
215 _a341, [1] с.
_cил., портр.
_d14
225 1 _aПуть к совершенству
_dLa voie vers la perfection
_zfre
300 _aАвт. также на фр. яз.: Igor Kouznétsov
300 _aКн. фактически изд. в 2007 г.
300 _aТекст на рус. и фр. яз.
510 1 _6z45790
_aLes esquisses
_zrus
686 _aШ6(2=Р)75-491
686 _aШ6(2=Р)77франц.
700 1 _4070
_8rus
_7ca
_aКузнецов
_bИ. В.
_cписатель
_f1951-
_gИгорь Владимирович
_3RU\NLR\auth\7729442
_912471
702 1 _aКоган
_bЛ.
_gЛидия
_4440
790 1 _4070
_8rus
_7ba
_aKuznecov
_bI. V.
_cписатель
_f1951-
_gIgor' Vladimirovič
_3RU\NLR\auth\7736900
_919889
801 0 _aRU
_bNLR
_c20071024
_gRCR
801 1 _aRU
_bNLR
_c20071024
942 _cBOOK
980 _aNB